| 000 | 00715nam a2200265Ia 4500 | ||
|---|---|---|---|
| 001 | 4111 | ||
| 005 | 20240113233713.0 | ||
| 007 | ta | ||
| 008 | 050608s1972 g b000 u hin u | ||
| 020 | _cPB | ||
| 040 | _aCotton College Assam | ||
| 041 | _ahin | ||
| 082 |
_a891.43109 _bD 569 Si |
||
| 100 | _aDixit, Anand Prakash . | ||
| 245 | 0 |
_aShiva Mangal Singh `Suman` / _cAnand Prakash Dixit. _hTextual Documents |
|
| 250 | _a1st ed. / | ||
| 260 |
_aDelhi : _bRajpal & Sons , _c1972. |
||
| 300 |
_a150p. ; _c19cm. |
||
| 653 | _aHindi poetry-Criticism | ||
| 653 | _aBiography-Shiva Mangal Singh `Suman` | ||
| 653 | _aGen-Hindi | ||
| 942 |
_2ddc _cBK |
||
| 999 |
_c4099 _d4099 |
||